এপার বাংলা ওপার বাংলা / (Record no. 1511)
[ view plain ]
| 000 -LEADER | |
|---|---|
| fixed length control field | 01173nam a2200241 a 4500 |
| 001 - CONTROL NUMBER | |
| JCCL Control Number | 1511 |
| 003 - CONTROL NUMBER IDENTIFIER | |
| JCCL marc code | BD-JhCC |
| 005 - DATE AND TIME OF LATEST TRANSACTION | |
| control field | 20180422131332.0 |
| 008 - FIXED-LENGTH DATA ELEMENTS--GENERAL INFORMATION | |
| fixed length control field | 171021s2010 bg |||| |||| 000 0 ben d |
| 020 ## - INTERNATIONAL STANDARD BOOK NUMBER | |
| International Standard Book Number | 9789845060585 |
| 035 ## - SYSTEM CONTROL NUMBER | |
| system control number | (BD-JhCC)1511 |
| 040 ## - CATALOGING SOURCE | |
| Original cataloging agency | BD-JhCC |
| Modifying agency | BD-JhCC |
| 041 ## - LANGUAGE CODE | |
| Language code of Book | ben |
| 082 ## - DEWEY DECIMAL CLASSIFICATION NUMBER | |
| Classification number | 891.4409 |
| Author mark and Year | SHA 2010 |
| 100 ## - MAIN ENTRY--PERSONAL NAME | |
| Personal name | শংকর |
| 245 ## - TITLE STATEMENT | |
| Title | এপার বাংলা ওপার বাংলা / |
| Statement of responsibility, etc | শংকর |
| 260 ## - PUBLICATION, DISTRIBUTION, ETC. (IMPRINT) | |
| Place of publication, distribution, etc | ঢাকা : |
| Name of publisher, distributor, etc | দি ইউনিভার্সিটি প্রেস লিমিটেড, |
| Date of publication, distribution, etc | ২০১০. |
| 300 ## - PHYSICAL DESCRIPTION | |
| Pagination | ২১৩ পৃ. : |
| Dimensions | ২১ সেমি. |
| 520 ## - SUMMARY, ETC. | |
| Summary, etc | এপার বাংলা ওপার বাংলা শঙ্করের একটি অন্যতম জনপ্রিয় গ্রন্থ। এই গ্রন্থের রচনাকাল ডিসেম্বর ১৯৬৭ থেকে ১৯৬৯। প্রথম অংশটি ফেব্রুয়ারি ১৯৬৮ সালে দেশ পত্রিকায় প্রকাশিত হয়। |
| 650 ## - SUBJECT ADDED ENTRY--TOPICAL TERM | |
| Topical term or geographic name as entry element | Bengali Literature |
| 942 ## - ADDED ENTRY ELEMENTS (KOHA) | |
| Source of classification or shelving scheme | Dewey Decimal Classification |
| Koha item type | Books |
| Source of classification or shelving scheme | Damaged status | Not for loan | Home library | Current library | Shelving location | Date of accession | Cost, normal purchase price | Total Checkouts | Full call number | Barcode | Date last seen | Copy number | Koha item type |
|---|---|---|---|---|---|---|---|---|---|---|---|---|---|
| Dewey Decimal Classification | JCC Rouf Library | JCC Rouf Library | General Stacks | 10/21/2017 | 280.00 | 891.4409 SHA 2010 | 2374 | 10/21/2017 | C-1 | Books | |||
| Dewey Decimal Classification | JCC Rouf Library | JCC Rouf Library | General Stacks | 02/13/2018 | 891.4409 SHA 2010 | 10358 | 02/13/2018 | C-2 | Books |